000 01054cam a2200253 i 4500
003 SA-RiAUC
005 20250721041829.0
008 250721t1989 mr g 000 0 ara c
040 _aAE-AiULD
_bara
_cSA-RiAUC
_erda
043 _af-mr---
082 0 4 _a686.211
090 _a686.211
_bع ب د
100 1 _aعبدالرزاق، فوزي
_eمؤلف.
245 1 2 _aالمطبوعات الحجرية في المغرب :
_bفهرس مع مقدمة تاريخية عن ظهور الطباعة في المغرب /
_cجمع وإعداد وتقديم فوزي عبد الرزاق.
264 1 _a[مكان النشر غير محدد] :
_b[الناشر غير محدد]،
_c1989.
264 3 _aالرباط :
_bمطبعة المعارف الجديدة
300 _a207 صفحة ؛
_c23 سم
336 _aنص
_btxt
_2rdacontent
_3كتاب
337 _aبدون وسيط
_bn
_2rdamedia
338 _aمجلد
_bnc
_2rdacarrier
650 7 _aالطباعة
_zالمغرب
_xتاريخ
_2aucsh
942 _2ddc
_cBOOK
949 _aSA-JeALM
_d250721
_ukhaled123
_n1
999 _c10151
_d10151